Les David célèbres - Statistiques

Statistiques générales
  • Ce quiz a été pris 249 fois
  • Le résultat moyen est 9 sur 24
Statistiques - réponses
Par images Réponse % Correct
David Beckham
94%
David Bowie
93%
David Pujadas
84%
David Guetta
81%
David Trezeguet
69%
David Douillet
65%
David Hallyday
61%
David Ginola
54%
David Villa
51%
David Schwimmer
37%
David Cameron
33%
David Marsais
29%
David Bautista
23%
David Copperfield
23%
David Carradine
21%
David Tennant
18%
David Gilmour
15%
David Robinson
15%
David Suchet
11%
David Coulthard
9%
David Fincher
9%
David Ben Gourion
8%
David Thewlis
8%
David Crosby
3%
Aucun quiz correspondant
Distribution des résultats
% des personnes avec chaque résultat
Percentile par nombre de réponses
Votre historique - résultats
Vous n’avez pas pris ce quiz